Statistiken für Sonnensystem Quiz

Klicken Sie hier um das Quiz zu spielen!

Allgemein

  • Dieses Quiz wurde 7.417 mal gespielt
  • Das Durchschnittsergebnis liegt bei 13 aus 25

Antwortstatistiken

MasseWas ist es?Name% Korrekt
5.97 x 1024 kgErde
99%
1.90 x 1027 kgJupiter
97%
6.42 x 1023 kgMars
97%
1.99 x 1030 kgSonne
97%
4.87 x 1024 kgVenus
97%
5.68 x 1026 kgSaturn
96%
3.30 x 1023 kgMerkur
93%
8.68 x 1025 kgUranus
93%
1.02 x 1026 kgNeptun
92%
1.31 x 1022 kgZwergplanetPluto
91%
7.35 x 1022 kgMond
88%
4.80 x 1022 kgJupitermondEuropa
48%
1.35 x 1023 kgSaturnmondTitan
35%
8.93 x 1022 kgJupitermondIo
31%
1.48 x 1023 kgJupitermondGanymed
26%
1.08 x 1023 kgJupitermondKallisto
17%
1.67 x 1022 kgZwergplanetEris
14%
2.15 x 1022 kgNeptunmondTriton
12%
1.59 x 1021 kgPlutomondCharon
10%
3 x 1021 kgZwergplanetMakemake
8%
2.32 x 1021 kgSaturnmondRhea
8%
3.53 x 1021 kgUranusmondTitania
8%
4.00 x 1021 kgZwergplanetHaumea
7%
3.01 x 1021 kgUranusmondOberon
7%
1.97 x 1021 kgSaturnmondIapetus
6%

Verteilung der Resultate

Perzentil nach korrekt beantworteten Fragen

Anzahl Personen mit jedem Resultat

Ihre Resultats-Entwicklung

Sie haben dieses Quiz noch nicht gespielt